[Event "NOR-chT Eliteserien 2018-19"]
[Site "Norway"]
[Date "2018.11.03"]
[Round "2.11"]
[White "Lahlum, Hans Olav"]
[Black "Storme, Isak"]
[Result "1/2-1/2"]
[WhiteElo "2115"]
[BlackElo "2319"]
[Annotator "TA"]
[PlyCount "113"]
[EventDate "2018.11.02"]
[EventType "team-tourn"]
[EventCountry "NOR"]

{[%evp 24,113,-86,-60,-60,-59,-49,-33,-67,-92,-93,-93,-97,-93,-71,-87,-77,-83,-80,-102,-104,-91,-78,-86,-71,-91,-12,-17,-12,-62,-58,-112,-103,-175,-162,-210,-187,-406,-368,-401,-367,-533,-502,-501,-506,-454,-460,-305,-7,-74,-8,-8,-7,-7,0,0,0,0,0,0,0,0,0,0,0,-7,-7,-7,-7,-7,-7,-8,-8,-8,-8,-8,-8,-10,-10,-13,0,0,0,0,0,0,0,0,0,0,0,0]} 1. d4 d5 2. c4 dxc4 3. e4 Nf6 4. Nc3 e5 5. Nf3 exd4 6. Qxd4 Qxd4 7. Nxd4 Bc5 8. Ndb5 Na6 9. Bf4 {D20: Queen's Gambit Accepted: 3 e3 and 3 e4} c6 10. Nd6+ Bxd6 11. Bxd6 Be6 12. f4 (12. f3 O-O-O 13. O-O-O Nd7 14. Be2 f6 15. Rd2 Ndc5 16. e5 f5 {0-1 (63) Korobov,A (2700)-Dominguez Perez,L (2732) Berlin 2015}) 12... O-O-O 13. O-O-O {LiveBook: 3 Games} Rhe8 $146 ({Predecessor:} 13... Ne8 14. Be7 Rxd1+ 15. Nxd1 f6 16. Ne3 b5 {0-1 (51) Chu,W (2399)-Yu,R (2494) Hangzhou 2018}) 14. f5 {[#]} Nxe4 $1 {[%mdl 576] Remove Defender} 15. Nxe4 Bd5 16. Nc5 Rxd6 17. Nxa6 bxa6 {[#]} 18. Bxc4 $1 {[%mdl 512]} Kc7 (18... Bxc4 19. Rxd6) 19. Bxd5 Rxd5 20. Rxd5 cxd5 $17 {[%mdl 4096] Endgame KR-KR} 21. Kd2 Kd6 22. Rc1 Rb8 23. b3 Rb7 24. Kd3 Ke5 (24... h5 $17 25. Rc8 a5) 25. Rc6 $11 Kxf5 26. Rxa6 Ke5 27. g3 (27. Rc6 $15) 27... f5 28. Ra4 {[#]} (28. Rc6 $17 {might work better.}) 28... g5 $1 $19 {[%cal Bg7g5,Bg5f4,Bf4f3][%mdl 32]} 29. Ke3 Rc7 30. Kd3 $2 (30. b4 {keeps fighting.}) 30... f4 31. gxf4+ gxf4 32. Ra6 (32. Rb4 $142 Rg7 33. Rb8) 32... f3 {Hoping for ...Rf7.} 33. Ke3 Rf7 34. Kf2 d4 35. Rc6 d3 $2 (35... Ke4 $19 36. Re6+ Kd3) 36. Rc1 (36. Rc5+ $11 Kd4 37. Rc4+ Ke5 38. Rc5+ Kd4 39. Rc4+ Ke5 40. Rc5+) 36... Kd4 (36... a5 $17) 37. Rc4+ $1 $11 {The position is equal.} Kd5 38. Rc3 Ke4 {Strongly threatening ...d2.} 39. Rc4+ $1 Ke5 40. Rc5+ Kf4 41. Rc4+ $1 Ke5 42. Rc5+ Kd4 43. Rc4+ $1 Kd5 44. Rc3 d2 45. Rd3+ {[%mdl 64] Double Attack} Ke4 46. Rxd2 Rg7 47. Kf1 Rc7 {aiming for ...Ke3.} 48. Kf2 h5 49. b4 h4 {And now ...h3 would win.} 50. b5 Rg7 {( -> ...Rg2+)} 51. Kf1 Ke3 52. Rb2 Rc7 {[%cal Rc7c1]} 53. Rb3+ Kf4 {White must now prevent ...Rc1+.} 54. Rb4+ Kg5 55. Kf2 Rc2+ {[%mdl 64] Double Attack} 56. Kxf3 Rxa2 57. b6 {Accuracy: White = 63%, Black = 50%.} 1/2-1/2

[Event "NOR-chT Eliteserien 2018-19"]
[Site "Norway"]
[Date "2018.11.03"]
[Round "2.12"]
[White "Lindbol, Aleksander"]
[Black "Gudbrandsen, Gustav"]
[Result "1/2-1/2"]
[WhiteElo "2141"]
[BlackElo "2265"]
[Annotator "broadcasts"]
[PlyCount "113"]
[EventDate "2018.11.02"]
[EventType "team-tourn"]
[EventCountry "NOR"]
[TimeControl "40/5400+30:1800+30"]

1. c4 g6 2. d4 Bg7 3. Nc3 c5 4. d5 Bxc3+ 5. bxc3 f5 6. Nf3 Qa5 7. Qc2 Nf6 8. Bh6 d6 9. e3 Nbd7 10. Rb1 Nb6 11. Bd3 Bd7 12. O-O Ba4 13. Qb2 Qa6 14. Ng5 Bd7 15. h3 Nfxd5 16. cxd5 Qxd3 17. c4 Rg8 18. Rbc1 O-O-O 19. Rfd1 Nxc4 20. Qa1 Qe2 21. Re1 Qh5 22. Rxc4 Rde8 23. Nf7 g5 24. Nxg5 Qxh6 25. h4 Qg6 26. g3 h6 27. Nh3 e5 28. dxe6 Qxe6 29. Rec1 Bc6 30. Kh2 Qd5 31. Nf4 Qf3 32. Qb2 Rxe3 33. Rg1 Ree8 34. Rc3 Qe4 35. Rd3 Rg4 36. Qd2 Qb4 37. Qxb4 cxb4 38. Rxd6 h5 39. Rgd1 Rgg8 40. Nxh5 Rd8 41. Nf4 Rxd6 42. Rxd6 Rd8 43. Rd3 Be4 44. Rb3 Rd2 45. Rxb4 Rxf2+ 46. Kh3 Rf1 47. Rb2 Rh1+ 48. Rh2 Rxh2+ 49. Kxh2 Kd7 50. Kg1 b5 51. Kf2 b4 52. Ke3 Bb1 53. Nd3 a5 54. Nc1 Ke6 55. Kd4 f4 56. gxf4 Kf5 57. Kc5 1/2-1/2

[Event "NOR-chT Eliteserien 2018-19"]
[Site "Norway"]
[Date "2018.11.03"]
[Round "2.13"]
[White "Ostmoe, Geir Sune Tallaksen"]
[Black "Blomqvist, Erik"]
[Result "0-1"]
[WhiteElo "2440"]
[BlackElo "2491"]
[Annotator "TA"]
[PlyCount "116"]
[EventDate "2018.11.02"]
[EventType "team-tourn"]
[EventCountry "NOR"]

{[%evp 9,116,-17,-19,-59,-60,-52,-50,-89,-60,-68,-62,-107,-83,-94,-63,-85,-59,-79,-64,-58,-50,-50,-53,-66,-41,-66,-60,-68,-64,-65,-57,-56,-54,-69,-68,-71,-77,-73,-83,-85,-82,-82,-73,-73,-81,-83,-73,-118,-122,-141,-141,-148,-141,-160,-151,-163,-152,-160,-166,-210,-159,-159,-150,-204,-150,-179,-179,-176,-170,-300,-315,-304,-306,-296,-278,-283,-278,-263,-256,-242,-252,-380,-365,-337,-338,-508,-533,-546,-504,-508,-448,-843,-900,-788,-716,-1217,-1098,-3285,-2953,-2753,-2059,-2937,-8560,-29982,-29983,-29983,-29981,-29981,-29981]} 1. e4 c5 2. b3 g6 3. Bb2 Nf6 {[%cal Bg8f6,Bf6d5,Bd5b6][%mdl 32]} 4. e5 Nd5 5. Bc4 (5. Qf3 Nb4 6. Na3 Bg7 7. e6 f6 8. c3 N4c6 9. Qe3 dxe6 10. Qxc5 {½-½ (41) Morozevich,A (2665)-Andreikin,D (2712) Moscow 2018}) 5... Nb6 {LiveBook: 15 Games} 6. Bd3 {B20: Sicilian: Unusual White 2nd moves} Bg7 7. f4 Nc6 8. Nc3 $146 {Black is slightly better.} ({Predecessor:} 8. Nf3 d6 9. Bb5 Nd5 10. g3 O-O 11. Nc3 Nxc3 12. Bxc3 {1-0 (62) Gelashvili,T (2565)-Nigalidze,G (2538) Ureki 2014}) 8... d6 9. exd6 O-O 10. Nf3 exd6 {[%cal Be7d6,Bd6d5][%mdl 32]} 11. O-O d5 12. Re1 Qd6 13. g3 Bg4 14. Nb5 Qd7 15. Bxg7 Kxg7 16. Be2 Rae8 {...a6 is the strong threat.} 17. Ne5 Nxe5 18. fxe5 Rxe5 19. Bxg4 Rxe1+ 20. Qxe1 Qxb5 21. Qe5+ f6 22. Qe7+ Rf7 23. Qe6 Qc6 24. Qxc6 bxc6 $17 {[%mdl 4096] Endgame KRB-KRN} 25. Re1 f5 26. Bf3 Kf6 27. Re8 Nd7 28. Kf2 Rf8 29. Re3 h5 30. h4 Rb8 31. Rc3 Ke5 32. Re3+ Kd6 33. Re1 a5 {[%cal Ba7a5,Ba5a4][%mdl 32]} 34. Re2 Nf8 35. Re1 Ne6 36. Re3 (36. a4 $17) 36... Ra8 37. Re1 a4 38. Rb1 Rb8 39. a3 (39. c3 $142) 39... Nd4 $19 {[%mdl 64] [#] Double Attack} 40. Bd1 axb3 41. cxb3 Ra8 42. a4 Rb8 43. Ke3 Rb4 44. a5 Kc7 45. Kf4 (45. a6 $142) 45... c4 46. Kg5 cxb3 47. Rb2 (47. Kxg6 $142 b2 48. Bxh5) 47... c5 {[%cal Bc6c5,Bc5c4][%mdl 32]} 48. Kxg6 c4 49. Kxh5 Ra4 50. g4 (50. Rb1 $142 Rxa5 51. Kg6) 50... fxg4 {[#] And now ...g3 would win.} 51. Kxg4 Ra1 52. Bf3 Kd6 53. Bg2 Ra2 54. Rb1 Rxd2 55. Bh3 c3 56. Rf1 Ra2 {Black mates.} 57. h5 Rxa5 58. h6 Ra7 {Accuracy: White = 34%, Black = 81%.} 0-1

[Event "NOR-chT Eliteserien 2018-19"]
[Site "Norway"]
[Date "2018.11.03"]
[Round "2.14"]
[White "Salomon, Johan"]
[Black "Ostenstad, Berge"]
[Result "1-0"]
[WhiteElo "2485"]
[BlackElo "2443"]
[Annotator "broadcasts RC"]
[PlyCount "49"]
[EventDate "2018.11.02"]
[EventType "team-tourn"]
[EventCountry "NOR"]
[TimeControl "40/5400+30:1800+30"]

1. e4 e6 2. d4 d5 3. Nc3 Bb4 4. e5 c5 5. a3 Bxc3+ 6. bxc3 Qa5 7. Bd2 Qa4 8. Qg4 Kf8 9. h4 b6 10. h5 h6 11. Rh3 Ba6 12. Rg3 Rh7 13. c4 Bxc4 14. dxc5 b5 15. Rf3 Ke8 16. Qf4 f5 17. exf6 Nxf6 18. Qc7 Bxf1 19. Qc8+ Ke7 20. Qb7+ Nbd7 21. Qxa8 Bxg2 22. c6 Qe4+ 23. Re3 Qc4 24. Bb4+ Kf7 25. cxd7 1-0

[Event "NOR-chT Eliteserien 2018-19"]
[Site "Norway"]
[Date "2018.11.03"]
[Round "2.15"]
[White "Tisdall, Jonathan D"]
[Black "Djurhuus, Rune"]
[Result "0-1"]
[WhiteElo "2400"]
[BlackElo "2458"]
[Annotator "broadcasts RC"]
[PlyCount "108"]
[EventDate "2018.11.02"]
[EventType "team-tourn"]
[EventCountry "NOR"]
[TimeControl "40/5400+30:1800+30"]

1. Nf3 g6 2. d4 Nf6 3. g3 Bg7 4. Bg2 O-O 5. O-O d6 6. c4 c6 7. Nc3 Bg4 8. h3 Bxf3 9. Bxf3 Nbd7 10. Bg2 e5 11. dxe5 dxe5 12. Be3 Qe7 13. Qb3 Rfb8 14. Rad1 Nc5 15. Qc2 Ne6 16. Na4 Ne8 17. a3 Nd4 18. Bxd4 exd4 19. Rfe1 Nd6 20. e3 Re8 21. Kf1 dxe3 22. Rxe3 Qf6 23. Rf3 Qe6 24. Nc5 Qxc4+ 25. Qxc4 Nxc4 26. Nxb7 Re7 27. Nd8 Rc8 28. Rf4 Nxb2 29. Nxc6 Rec7 30. Rd2 Bh6 31. Rxb2 Bxf4 32. gxf4 Rxc6 33. Bxc6 Rxc6 34. Rb4 Rc3 35. Ra4 Rxh3 36. Kg2 Rc3 37. Rxa7 Kg7 38. a4 Ra3 39. a5 h5 40. a6 Kf6 41. f3 Ra2+ 42. Kg3 Ra4 43. Ra8 Kf5 44. Ra7 f6 45. Ra8 h4+ 46. Kh3 Rxf4 47. Kg2 Ra4 48. a7 g5 49. Kf2 Kf4 50. Rf8 Ra2+ 51. Kf1 Rxa7 52. Rxf6+ Kg3 53. Rf5 g4 54. fxg4 h3 0-1

[Event "NOR-chT Eliteserien 2018-19"]
[Site "Norway"]
[Date "2018.11.03"]
[Round "2.16"]
[White "Haug, Johannes"]
[Black "Ekeberg, Carl Fredrik"]
[Result "1/2-1/2"]
[WhiteElo "2386"]
[BlackElo "2280"]
[Annotator "broadcasts RC"]
[PlyCount "119"]
[EventDate "2018.11.02"]
[EventType "team-tourn"]
[EventCountry "NOR"]
[TimeControl "40/5400+30:1800+30"]

1. d4 Nf6 2. c4 e6 3. Nf3 d5 4. Nc3 Be7 5. Bf4 O-O 6. e3 b6 7. Bd3 Bb7 8. cxd5 exd5 9. O-O a6 10. Rc1 Nbd7 11. h3 c5 12. dxc5 Nxc5 13. Bb1 Nfe4 14. Nd4 Bf6 15. b4 Bxd4 16. Qxd4 Ne6 17. Qe5 Rc8 18. Nxe4 Rxc1 19. Rxc1 dxe4 20. Bxe4 Qd2 21. Ra1 Bxe4 22. Qxe4 Nxf4 23. exf4 Qb2 24. Qb1 Qd4 25. g3 h6 26. a3 b5 27. Qa2 Rc8 28. Re1 Rc3 29. Kg2 Qc4 30. Re8+ Kh7 31. Qb1+ g6 32. Qb2 Qc6+ 33. Kh2 Qxe8 34. Qxc3 Qe6 35. Qe3 Qc6 36. Qc5 Qf3 37. Qe3 Qc6 38. h4 h5 39. Qe7 Qd5 40. Qf6 Qb7 41. f5 Qa7 42. Kg1 Qb7 43. Qe5 Qc8 44. Qc5 Qd7 45. f6 Qd1+ 46. Kg2 Qd7 47. Qe7 Qd5+ 48. Kh2 Qa2 49. Kg1 Kg8 50. Kf1 Kh7 51. Kg1 Kg8 52. Kg2 Qd5+ 53. Kh2 Qa2 54. Kh3 Qd5 55. f3 Qf5+ 56. Kg2 Qc2+ 57. Kf1 Qd1+ 58. Kf2 Qd2+ 59. Kg1 Qd1+ 60. Kg2 1/2-1/2

[Event "NOR-chT Eliteserien 2018-19"]
[Site "Norway"]
[Date "2018.11.03"]
[Round "2.17"]
[White "Aulin-Jansson, Joran"]
[Black "Tryggestad, Andreas Garberg"]
[Result "0-1"]
[WhiteElo "2274"]
[BlackElo "2343"]
[Annotator "broadcasts RC"]
[PlyCount "76"]
[EventDate "2018.11.02"]
[EventType "team-tourn"]
[EventCountry "NOR"]
[TimeControl "40/5400+30:1800+30"]

1. e4 c5 2. Nc3 e6 3. f4 a6 4. Nf3 Nc6 5. g3 d5 6. d3 Nf6 7. e5 Ng4 8. Bh3 h5 9. O-O Be7 10. Bxg4 hxg4 11. Ne1 b5 12. Qxg4 g6 13. Nf3 Bb7 14. a4 b4 15. Nd1 Qb6 16. Nf2 c4 17. Nd2 Nd4 18. Qd1 b3 19. cxb3 cxd3 20. Nf3 Nxf3+ 21. Qxf3 d4 22. Ne4 Qxb3 23. Bd2 Rc8 24. Rac1 O-O 25. h4 Qxb2 26. Rcd1 Rc2 27. Rf2 Kg7 28. Qxd3 Qa2 29. h5 Qd5 30. h6+ Kh7 31. Qxc2 d3 32. Qc7 Qxe4 33. Kh2 Bd8 34. Qd6 Qf5 35. Rff1 Qh5+ 36. Kg1 Qh1+ 37. Kf2 Qf3+ 38. Ke1 Qe2# 0-1

[Event "NOR-chT Eliteserien 2018-19"]
[Site "Norway"]
[Date "2018.11.03"]
[Round "2.18"]
[White "Christenson, Flemming"]
[Black "Hammerstad, Asmund"]
[Result "1/2-1/2"]
[WhiteElo "2204"]
[BlackElo "2207"]
[Annotator "broadcasts"]
[PlyCount "116"]
[EventDate "2018.11.02"]
[EventType "team-tourn"]
[EventCountry "NOR"]
[TimeControl "40/5400+30:1800+30"]

1. d4 e6 2. Nf3 f5 3. Bf4 Nf6 4. h3 Be7 5. g4 b6 6. gxf5 exf5 7. Rg1 g6 8. e3 Bb7 9. Nbd2 d6 10. c4 Nbd7 11. d5 Nh5 12. Bg5 Bxg5 13. Nxg5 Ng7 14. Qc2 Qf6 15. O-O-O O-O-O 16. Nb3 Nc5 17. Nd4 a5 18. Kb1 Rde8 19. a3 a4 20. Bd3 f4 21. Ne4 Nxe4 22. Bxe4 Rhf8 23. f3 fxe3 24. Qxa4 e2 25. Nxe2 Nf5 26. Ka1 Kb8 27. Bxf5 Rxe2 28. Bc2 Qxf3 29. Bd3 Rf2 30. h4 Bc8 31. c5 Qf6 32. Qb3 dxc5 33. Bb5 Qd6 34. Bc6 Bb7 35. Qb5 R2f6 36. Bxb7 Kxb7 37. Rge1 Rd8 38. Re4 Qd7 39. Qc4 Rd6 40. Re5 Kb8 41. Qe4 Qb5 42. Re7 R8d7 43. Rxd7 Qxd7 44. Qe5 Qg4 45. Qe8+ Kb7 46. Qe1 Qf3 47. Qd2 h5 48. Qd3 Qxd3 49. Rxd3 Ka6 50. b3 c6 51. Rg3 cxd5 52. Kb2 Kb7 53. Rg5 Kc7 54. Kc3 d4+ 55. Kd3 Kd7 56. a4 Ke7 57. a5 Kf6 58. a6 b5 1/2-1/2

[Event "NOR-chT Eliteserien 2018-19"]
[Site "Norway"]
[Date "2018.11.03"]
[Round "2.19"]
[White "Notkevich, Benjamin Arvola"]
[Black "Galchenko, Matvey"]
[Result "0-1"]
[WhiteElo "2506"]
[BlackElo "2368"]
[Annotator "TA"]
[PlyCount "60"]
[EventDate "2018.11.02"]
[EventType "team-tourn"]
[EventCountry "NOR"]

{[%evp 19,60,0,76,-85,-29,-100,-31,-70,-71,-52,-30,-35,-8,-73,-68,-74,-41,-485,-483,-505,-291,-500,-497,-608,-372,-692,-242,-843,-851,-706,-354,-603,-633,-608,-608,-586,-568,-723,-704,-813,-823,-849,-833]} 1. e4 e6 2. d4 d5 3. Nc3 Bb4 4. e5 Ne7 5. a3 Bxc3+ 6. bxc3 c5 7. Qg4 cxd4 8. Bd3 Qa5 9. Ne2 O-O 10. Bg5 Nbc6 {LiveBook: 18 Games} (10... Ng6 $11 {remains equal.}) 11. Qg3 $2 {C18: French: 3 Nc3 Bb4: Main line: 7 h4 and 7 Qg4} (11. f4 $16 {keeps the pressure on.}) (11. f4 dxc3 12. O-O Qa4 13. Qh5 Ng6 14. Rf3 Nd4 15. Rh3 Nxe2+ 16. Kh1 h6 17. Bxh6 Ngxf4 18. Bh7+ Kh8 19. Bxg7+ {1-0 (19) Heimann,A (2589)-Barseghyan,H (2471) Brest 2018}) 11... Kh8 $146 (11... dxc3 $17 12. h4 Qc7) ({Predecessor:} 11... b6 12. Bf6 Ng6 13. h4 Ba6 14. Bxa6 Qxa6 15. h5 gxf6 16. exf6 e5 17. Qg5 Kh8 18. Qh6 {1-0 (18) Sheng,J (2411)-Clawitter,C (2056) Rancho Cucamonga 2018}) 12. h4 (12. Bxe7 $11 Nxe7 13. Qh4 {[%mdl 64] Decoy}) 12... f5 (12... Nf5 $17 13. Bxf5 exf5) 13. exf6 {Black is slightly better.} gxf6 14. Qf3 Nf5 {[%cal Be7f5,Bf5d6,Bd6e4][%mdl 32]} (14... Ng8 $5 {[%cal Re6e5]} 15. Qh5 Qc7 $15) 15. Qh5 {Threatens to win with g4.} Qc7 (15... Bd7 $5 {[%cal Rd7e8]} 16. Bxf5 exf5 $17) 16. g4 {[#]} (16. Bxf5 $11 fxg5 17. Bd3) 16... Nd6 $1 $36 {[%mdl 2048] Hoping for ...e5. Black has good play.} 17. Nf4 $1 {[%cal Rf4g6] aiming for Ng6+.} Rf7 18. Qh6 $2 {[%mdl 8192]} (18. Bxh7 $1 $15 Rxh7 19. Bxf6+ Kg8 20. Qg5+ Kf7 21. f3 (21. cxd4 $2 Ne4 $19 {[%mdl 64] Double Attack})) 18... fxg5 $19 19. hxg5 {Bxh7! would kill now.} Ne4 20. g6 $2 (20. Bxe4 {only move.} dxe4 21. g6 Rxf4 {[#]} 22. g7+ $1 {[%mdl 512]} Qxg7 23. Qxf4) 20... Rxf4 {[%mdl 64] Double Attack} 21. O-O-O {If only White now had time for Bxe4....} e5 22. f3 $2 (22. Bxe4 Be6 23. Qg5 dxe4 24. Rxh7+ Qxh7 25. gxh7 Rxf2 26. Qh6) 22... Bxg4 $2 (22... Nc5 23. c4 Be6) 23. Bxe4 $2 (23. fxe4 Bxd1 24. exd5 dxc3 25. Kxd1) 23... dxe4 24. fxg4 Qe7 25. Qxh7+ $2 (25. cxd4 e3 26. Rde1) 25... Qxh7 {Black is clearly winning.} 26. Rxh7+ Kg8 27. Rdh1 {intending Rh8+.} Raf8 28. Kb2 R8f6 29. Rh8+ Kg7 30. g5 Rf8 {Accuracy: White = 27%, Black = 23%.} 0-1

[Event "NOR-chT Eliteserien 2018-19"]
[Site "Norway"]
[Date "2018.11.03"]
[Round "2.20"]
[White "Mikalsen, Erlend"]
[Black "Vestby-Ellingsen, Mads"]
[Result "0-1"]
[WhiteElo "2368"]
[BlackElo "2385"]
[Annotator "broadcasts RC"]
[PlyCount "62"]
[EventDate "2018.11.02"]
[EventType "team-tourn"]
[EventCountry "NOR"]
[TimeControl "40/5400+30:1800+30"]

1. e4 e6 2. d4 d5 3. Nc3 Nf6 4. Bg5 dxe4 5. Nxe4 Be7 6. Bxf6 gxf6 7. Qd2 b6 8. O-O-O Bb7 9. Qe3 Nd7 10. f4 f5 11. Nc3 c6 12. Nf3 Qc7 13. Bc4 O-O-O 14. Rhe1 Kb8 15. g3 Nf6 16. Qe2 Bb4 17. Ne5 Bxc3 18. bxc3 Ne4 19. Qe3 h5 20. Rd3 h4 21. g4 Nd6 22. gxf5 Nxf5 23. Qf2 Nd6 24. Bb3 c5 25. dxc5 Ne4 26. Rxd8+ Rxd8 27. Qxh4 bxc5 28. Nxf7 Rf8 29. Bxe6 Qa5 30. Qe7 Qa3+ 31. Kb1 Nd2+ 0-1

[Event "NOR-chT Eliteserien 2018-19"]
[Site "Norway"]
[Date "2018.11.03"]
[Round "2.21"]
[White "Lund, Gunnar"]
[Black "Flermoen, Peter"]
[Result "0-1"]
[WhiteElo "2227"]
[BlackElo "2316"]
[Annotator "TA"]
[PlyCount "88"]
[EventDate "2018.11.02"]
[EventType "team-tourn"]
[EventCountry "NOR"]

{[%evp 17,88,-14,0,-29,-21,-22,-25,-29,-33,-33,-29,-80,-72,-91,-91,-79,-75,-91,-90,-82,-86,-98,-95,-91,-87,-120,-109,-120,-92,-97,-95,-97,-98,-102,-115,-114,-99,-123,-114,-116,-104,-109,-109,-105,-110,-113,-102,-140,-93,-106,-103,-125,-126,-145,-158,-248,-245,-230,-232,-252,-235,-302,-324,-412,-250,-358,-303,-324,-279,-324,-275,-624,-334]} 1. e4 c5 2. Nf3 g6 3. c3 Nf6 4. e5 Nd5 5. d4 cxd4 6. cxd4 Bg7 7. Bc4 Nb6 8. Bb3 O-O {B22: Sicilian: 2 c3} 9. O-O d6 {[%cal Bd7d6,Bd6e5][%mdl 32] LiveBook: 14 Games} 10. Qe2 (10. h3 Nc6 11. Bf4 dxe5 12. dxe5 Qxd1 13. Rxd1 Bf5 14. Nc3 Na5 15. Bd5 Nxd5 16. Nxd5 {½-½ (45) Leko,P (2730)-Giri,A (2734) Beijing 2013}) 10... Bg4 {Black has an edge.} 11. Rd1 Nc6 12. Bf4 Qc7 $146 ({Predecessor:} 12... Qd7 13. Nc3 Qf5 14. Bg3 dxe5 15. Bc2 Qh5 16. dxe5 Nxe5 17. Be4 {0-1 (35) Sanli,E (2050)-Fakhiridou,E (2239) Tbilisi 1999}) 13. Nc3 dxe5 14. Bg3 (14. dxe5 $11 {keeps the balance.} Bxf3 15. Qxf3 Bxe5 16. Bh6) 14... Rad8 {[%cal Rc6d4]} 15. Nb5 Bxf3 16. Qxf3 Qb8 17. dxe5 {aiming for e6.} Rxd1+ 18. Rxd1 {e6 is the strong threat.} Bxe5 19. Nd4 Nxd4 {[#]} 20. Rxd4 $1 {[%mdl 512]} e6 (20... Bxd4 21. Bxb8) 21. Rh4 Nd7 22. Qe3 Rd8 23. Qg5 Bxg3 24. hxg3 Nf8 25. Qc5 b6 26. Qc3 Qd6 27. Qf6 Qd2 28. Rf4 Rd7 29. Ba4 Qc1+ 30. Kh2 {[#]} Rb7 $1 31. Be8 {[%cal Re8f7]} Qc7 32. Qg5 f5 {White must now prevent ...b5.} 33. Ba4 Qe7 34. Qh6 Qg7 35. Qg5 Qxb2 36. Qd8 (36. Bb3 $17) 36... Qxa2 $19 37. Qc8 Rf7 38. Be8 {Strongly threatening Ra4.} Rg7 39. Bb5 Qd5 40. Qe8 Qd6 41. Rf3 (41. Rc4 $142) 41... Qe7 42. Qc8 h5 {[%cal Bh7h5,Bh5h4][%mdl 32]} 43. Bc4 h4 44. g4 $2 (44. gxh4 Qc7+ 45. Qxc7 Rxc7 46. Bb5) 44... Qc7+ {Accuracy: White = 40%, Black = 73%.} 0-1

[Event "NOR-chT Eliteserien 2018-19"]
[Site "Norway"]
[Date "2018.11.03"]
[Round "2.23"]
[White "Machlik, Edit"]
[Black "Nielsen, Andre"]
[Result "1/2-1/2"]
[WhiteElo "2110"]
[BlackElo "2260"]
[Annotator "broadcasts"]
[PlyCount "53"]
[EventDate "2018.11.02"]
[EventType "team-tourn"]
[EventCountry "NOR"]
[TimeControl "40/5400+30:1800+30"]

1. d4 Nf6 2. c4 e6 3. Nc3 Bb4 4. Qc2 O-O 5. a3 Bxc3+ 6. Qxc3 b6 7. Bg5 Bb7 8. f3 d5 9. e3 Nbd7 10. cxd5 exd5 11. Bd3 c5 12. Ne2 Re8 13. Bb5 Qe7 14. Bxf6 gxf6 15. Kf2 Rac8 16. Rac1 Rc7 17. Bxd7 Qxd7 18. dxc5 bxc5 19. Qxf6 Rc6 20. Qg5+ Rg6 21. Qf4 Qb5 22. Rc2 Rge6 23. Rhc1 Rxe3 24. Qg5+ Kf8 25. Qh6+ Kg8 26. Qg5+ Kf8 27. Qh6+ 1/2-1/2

[Event "NOR-chT Eliteserien 2018-19"]
[Site "Norway"]
[Date "2018.11.03"]
[Round "2.24"]
[White "Mikalsen, Harald"]
[Black "Machlik, Endre"]
[Result "0-1"]
[WhiteElo "2006"]
[BlackElo "2154"]
[Annotator "broadcasts"]
[PlyCount "90"]
[EventDate "2018.11.02"]
[EventType "team-tourn"]
[EventCountry "NOR"]
[TimeControl "40/5400+30:1800+30"]

1. e4 c6 2. d4 d5 3. exd5 cxd5 4. Bd3 Nc6 5. c3 Nf6 6. Ne2 Bg4 7. O-O e6 8. Qe1 Bd6 9. f3 Bh5 10. Qh4 O-O 11. Bxh7+ Kxh7 12. g4 g6 13. Bg5 Be7 14. Bxf6 Bxf6 15. Qh3 Kg7 16. gxh5 Rh8 17. Ng3 e5 18. Qg4 exd4 19. hxg6 fxg6 20. Nf5+ Kf7 21. Nxd4 Nxd4 22. cxd4 Rh4 23. Qg3 Bxd4+ 24. Kh1 Bxb2 25. Nd2 Bxa1 26. Rxa1 Qf6 27. Rc1 Re8 28. Rc7+ Re7 29. Rxe7+ Kxe7 30. Qc7+ Kf8 31. Qxb7 Qe7 32. Qb8+ Kg7 33. Qg3 Ra4 34. f4 Qf6 35. f5 Qxf5 36. Qc7+ Kh6 37. Qd8 Qe5 38. Qf8+ Qg7 39. Qd8 Rg4 40. Nf1 d4 41. Qc8 Qf6 42. Nd2 Rf4 43. Qc1 Kh7 44. a3 Rf2 45. Kg1 Qf4 0-1

[Event "NOR-chT Eliteserien 2018-19"]
[Site "Norway"]
[Date "2018.11.03"]
[Round "2.25"]
[White "Stojanovic, Mihajlo"]
[Black "Hammer, Jon Ludvig"]
[Result "1-0"]
[WhiteElo "2523"]
[BlackElo "2659"]
[Annotator "broadcasts RC"]
[PlyCount "149"]
[EventDate "2018.11.02"]
[EventType "team-tourn"]
[EventCountry "NOR"]
[TimeControl "40/5400+30:1800+30"]

1. Nf3 d5 2. d4 Nf6 3. c4 e6 4. e3 c5 5. cxd5 exd5 6. Bb5+ Nc6 7. O-O Bd6 8. dxc5 Bxc5 9. b3 O-O 10. Bb2 Bg4 11. h3 Bh5 12. Nc3 Bd6 13. Be2 Re8 14. Nb5 Bxf3 15. Bxf3 Be5 16. Bxe5 Nxe5 17. Rc1 Re7 18. Qd4 Qd7 19. Be2 a6 20. Rc7 Qd8 21. Rxe7 Qxe7 22. Nc3 Rd8 23. Rd1 h5 24. Bf3 Nxf3+ 25. gxf3 Rd7 26. f4 b5 27. Qe5 Qc5 28. Ne4 Qc2 29. Nxf6+ gxf6 30. Qxh5 Kf8 31. b4 Rd8 32. Rxd5 Qb1+ 33. Kh2 Rxd5 34. Qxd5 Qxb4 35. Qa8+ Kg7 36. Qxa6 Qd2 37. Qa8 b4 38. Kg3 Qd3 39. Kh2 Qd2 40. Kg2 Qd3 41. Qc6 Qg6+ 42. Kh2 Qd3 43. Qg2+ Kf8 44. Qb7 Qd2 45. Kg2 Kg7 46. Qe4 Kg8 47. Qd4 Qc3 48. Kf3 Qc6+ 49. Kg3 Qc3 50. Kf3 Qc6+ 51. e4 Qb5 52. Kg2 Kg7 53. e5 Qc6+ 54. Kh2 Qc2 55. exf6+ Kh6 56. Kg2 Qc6+ 57. Kh2 Qc2 58. f5 Kg5 59. Kg2 Qxf5 60. Qe3+ Kxf6 61. Qf3 Qxf3+ 62. Kxf3 Kg5 63. Kg3 Kf5 64. h4 Ke5 65. Kg4 Kf6 66. h5 Kg7 67. Kg5 Kh7 68. Kf6 Kh6 69. Kxf7 Kxh5 70. Ke6 Kg4 71. Kd5 Kf3 72. Kc4 Kxf2 73. Kxb4 Ke3 74. Kc5 Ke4 75. a4 1-0